<?xml version="1.0" encoding="UTF-8"?>
<record
    xmlns:xsi="http://www.w3.org/2001/XMLSchema-instance"
    xsi:schemaLocation="http://www.loc.gov/MARC21/slim http://www.loc.gov/standards/marcxml/schema/MARC21slim.xsd"
    xmlns="http://www.loc.gov/MARC21/slim">

  <leader>01509cam a2200265 a 4500</leader>
  <datafield tag="999" ind1=" " ind2=" ">
    <subfield code="c">4020</subfield>
    <subfield code="d">4020</subfield>
  </datafield>
  <controlfield tag="001">2314994</controlfield>
  <controlfield tag="003">GBCCL</controlfield>
  <controlfield tag="005">20241126110509.0</controlfield>
  <controlfield tag="008">810805s1981    miu      b    000 0 eng  </controlfield>
  <datafield tag="010" ind1=" " ind2=" ">
    <subfield code="a">   81013081 </subfield>
  </datafield>
  <datafield tag="020" ind1=" " ind2=" ">
    <subfield code="z">031044461X (pbk.)</subfield>
  </datafield>
  <datafield tag="040" ind1=" " ind2=" ">
    <subfield code="a">DLC</subfield>
    <subfield code="c">DLC</subfield>
    <subfield code="d">DLC</subfield>
  </datafield>
  <datafield tag="050" ind1="0" ind2="0">
    <subfield code="a">BV4501.2</subfield>
    <subfield code="b">.D54</subfield>
  </datafield>
  <datafield tag="082" ind1="0" ind2="0">
    <subfield code="a">253.7</subfield>
    <subfield code="2">19</subfield>
    <subfield code="b">DIS</subfield>
  </datafield>
  <datafield tag="245" ind1="0" ind2="0">
    <subfield code="a">Discipleship :</subfield>
    <subfield code="b">what you have heard from me...entrust to faithful men who will be able to teach others also/ /</subfield>
    <subfield code="c">edited by Billie Hanks, Jr. and William A. Shell.</subfield>
  </datafield>
  <datafield tag="260" ind1=" " ind2=" ">
    <subfield code="a">Grand Rapids, Mich. :</subfield>
    <subfield code="b">Zondervan Pub. House ;</subfield>
    <subfield code="a">Fort Worth, Tex. :</subfield>
    <subfield code="b">International Evangelical Association,</subfield>
    <subfield code="c">c1981.</subfield>
  </datafield>
  <datafield tag="300" ind1=" " ind2=" ">
    <subfield code="a">190 p. ;</subfield>
    <subfield code="c">20 cm.</subfield>
  </datafield>
  <datafield tag="504" ind1=" " ind2=" ">
    <subfield code="a">Bibliography: p. 190.</subfield>
  </datafield>
  <datafield tag="505" ind1="0" ind2=" ">
    <subfield code="a">The vision for multiplication / Billie Hanks, Jr. -- The Master and His plan / Robert E. Coleman -- Selection of disciples / Robert E. Coleman -- Association with Jesus / Robert E. Coleman -- The need for multiplying disciples / LeRoy Eims -- Multiplying your efforts / Walter A. Henrichsen -- Disciple making and the church / Billie Hanks, Jr. -- Follow-up / Gary W. Kuhne -- Developing a meaningful relationship / Gary W. Kuhne -- Character development / William A. Shell and LeRoy Eims -- Discipleship as a lifestyle / Gene Warr -- The need of the hour / Dawson E. Trotman.</subfield>
  </datafield>
  <datafield tag="650" ind1=" " ind2="0">
    <subfield code="a">Discipling (Christianity)</subfield>
    <subfield code="9">4375</subfield>
  </datafield>
  <datafield tag="700" ind1="1" ind2=" ">
    <subfield code="a">Hanks, Billie.</subfield>
    <subfield code="9">9077</subfield>
  </datafield>
  <datafield tag="700" ind1="1" ind2=" ">
    <subfield code="a">Shell, William A.</subfield>
    <subfield code="9">1838</subfield>
  </datafield>
  <datafield tag="906" ind1=" " ind2=" ">
    <subfield code="a">7</subfield>
    <subfield code="b">cbc</subfield>
    <subfield code="c">orignew</subfield>
    <subfield code="d">1</subfield>
    <subfield code="e">ocip</subfield>
    <subfield code="f">19</subfield>
    <subfield code="g">y-gencatlg</subfield>
  </datafield>
  <datafield tag="942" ind1=" " ind2=" ">
    <subfield code="2">ddc</subfield>
    <subfield code="c">BK</subfield>
    <subfield code="0">3</subfield>
  </datafield>
  <datafield tag="952" ind1=" " ind2=" ">
    <subfield code="0">0</subfield>
    <subfield code="1">0</subfield>
    <subfield code="2">ddc</subfield>
    <subfield code="4">0</subfield>
    <subfield code="7">0</subfield>
    <subfield code="a">GBC</subfield>
    <subfield code="b">GBC</subfield>
    <subfield code="c">MNMS</subfield>
    <subfield code="d">2017-12-20</subfield>
    <subfield code="l">4</subfield>
    <subfield code="o">253.7 DIS</subfield>
    <subfield code="p">009771</subfield>
    <subfield code="r">2025-05-01 00:00:00</subfield>
    <subfield code="s">2025-02-19</subfield>
    <subfield code="t">c.1</subfield>
    <subfield code="w">2017-12-20</subfield>
    <subfield code="y">BK</subfield>
  </datafield>
</record>
